[Event "XLVII C.to Italiano a squadre Master"]
[Site "Civitanova Marche ITA"]
[Date "2015.04.29"]
[Round "1"]
[White "Yao, Stefano"]
[Black "Rombaldoni, Denis"]
[WhiteElo "2269"]
[BlackElo "2479"]
[Result "0-1"]
[PlyCount "72"]
[EventDate "2015.04.29"]

1. d4 Nf6 2. Nf3 e6 3. c4 Bb4+ 4. Nbd2 O-O 5. a3 Be7 6. e3 a5 7. b3 d5 8. Bd3
b6 9. O-O Bb7 10. Qc2 c5 11. Bb2 h6 12. dxc5 bxc5 13. Rad1 Nbd7 14. cxd5 exd5
15. e4 d4 16. Nc4 Qc7 17. Ne1 Nb6 18. Nxb6 Qxb6 19. Nf3 Rab8 20. Nd2 Ba6 21.
Rfe1 Bxd3 22. Qxd3 a4 23. e5 Nd5 24. Qc4 Nf4 25. Re4 Ne6 26. Qxa4 Bg5 27. b4
Qb7 28. Ree1 Nf4 29. Ne4 d3 30. f3 c4 31. Ra1 Qb6+ 32. Kf1 Rfd8 33. Bc1 Ne2 34.
Rxe2 dxe2+ 35. Kxe2 Qg1 36. Bxg5 Qxg2+ 0-1

[Event "XLVII C.to Italiano a squadre Master"]
[Site "Civitanova Marche ITA"]
[Date "2015.04.29"]
[Round "2"]
[White "Bisi, Samuele"]
[Black "Navarro, Stefano"]
[WhiteElo "2069"]
[BlackElo "2266"]
[Result "0-1"]
[PlyCount "96"]
[EventDate "2015.04.29"]

1. d4 d5 2. c4 e6 3. Nc3 Nf6 4. Bg5 Nbd7 5. e3 c6 6. cxd5 exd5 7. Bd3 Be7 8.
Qc2 O-O 9. Nf3 Re8 10. O-O-O Nf8 11. Kb1 Ne4 12. h4 Nxg5 13. hxg5 g6 14. Ne5
Bxg5 15. f4 Bf6 16. Rdf1 Bg7 17. e4 dxe4 18. Nxe4 f6 19. Bc4+ Be6 20. Nf3 Bxc4
21. Qxc4+ Qd5 22. Qxd5+ cxd5 23. Nc3 Rad8 24. Re1 Rxe1+ 25. Rxe1 Kf7 26. Kc2
Ne6 27. g3 a6 28. Kd3 Nc7 29. Rc1 Rd7 30. Na4 Ne8 31. Rc5 Bf8 32. Rc3 b5 33.
Nb6 Rd6 34. Na8 Rd8 35. Nc7 b4 36. Rc2 Nxc7 37. Rxc7+ Be7 38. g4 h5 39. gxh5
gxh5 40. Nh4 Ke6 41. Ng6 Bd6 42. Rg7 b3 43. axb3 Rb8 44. Nh4 Bxf4 45. Kc3 Bg5
46. Ng6 Kf5 47. Ne7+ Ke4 48. Rh7 Rb7 0-1

[Event "XLVII C.to Italiano a squadre Master"]
[Site "Civitanova Marche ITA"]
[Date "2015.04.29"]
[Round "2"]
[White "Caprio, Guido"]
[Black "Boscolo, Federico"]
[WhiteElo "2418"]
[BlackElo "2313"]
[Result "1-0"]
[PlyCount "69"]
[EventDate "2015.04.29"]

1. e4 e6 2. d4 d5 3. Nd2 Nc6 4. Ngf3 Nf6 5. e5 Nd7 6. Nb3 a5 7. a4 Be7 8. Bb5
Ncb8 9. O-O b6 10. Qe2 Ba6 11. c4 c6 12. cxd5 cxb5 13. axb5 Bb7 14. d6 Bxd6 15.
exd6 Nf6 16. Nc5 Bd5 17. Bf4 Nh5 18. Be5 f6 19. Ng5 bxc5 20. Nxe6 Bxe6 21. Bg3
Nxg3 22. Qxe6+ Kf8 23. hxg3 cxd4 24. Rac1 Nd7 25. Rc7 Qe8 26. Qxd7 Qxd7 27.
Rxd7 Ke8 28. Rc7 Kd8 29. b6 Rb8 30. b7 Re8 31. Rfc1 d3 32. d7 Re1+ 33. Rxe1
Kxc7 34. Re8 d2 35. d8=Q+ 1-0

[Event "XLVII C.to Italiano a squadre Master"]
[Site "Civitanova Marche ITA"]
[Date "2015.04.29"]
[Round "2"]
[White "Cebalo, Miso"]
[Black "Aghayev, Miragha"]
[WhiteElo "2389"]
[BlackElo "2367"]
[Result "1/2-1/2"]
[PlyCount "115"]
[EventDate "2015.04.29"]

1. d4 Nf6 2. Bg5 Ne4 3. Bf4 c5 4. d5 Qb6 5. Bc1 e6 6. f3 Nf6 7. e4 exd5 8. exd5
d6 9. c4 Be7 10. Nc3 O-O 11. Nge2 Re8 12. Kf2 Nbd7 13. Ng3 Ne5 14. Be2 Bf8 15.
Re1 g6 16. Bg5 Bg7 17. Qd2 a6 18. b3 Kh8 19. h3 Ng8 20. f4 Nd7 21. Bd3 Rf8 22.
f5 Ne5 23. Rac1 Nxd3+ 24. Qxd3 Bd4+ 25. Be3 Be5 26. Nce2 Ne7 27. Bh6 Rg8 28. f6
Bxf6 29. Qf3 Bf5 30. Nxf5 Nxf5 31. Bd2 Be5 32. Bc3 Rae8 33. g4 Ng7 34. Bxe5
dxe5 35. Ng3 f5 36. Qc3 Qd6 37. Kg2 Rgf8 38. Rf1 Kg8 39. Rce1 e4 40. Qc1 Qe5
41. Qf4 Rf7 42. Qxe5 Rxe5 43. gxf5 gxf5 44. Rf4 Ne8 45. Nf1 Nd6 46. Ne3 Re8 47.
Kf2 Kg7 48. Ke2 Kf6 49. Ref1 Ke5 50. Ng4+ fxg4 51. Rxf7 Nxf7 52. Rxf7 gxh3 53.
Rxh7 Kd4 54. Rxh3 b5 55. Rh1 bxc4 56. Rd1+ Kc3 57. Rc1+ Kb2 58. Rxc4 1/2-1/2

[Event "XLVII C.to Italiano a squadre Master"]
[Site "Civitanova Marche ITA"]
[Date "2015.04.29"]
[Round "2"]
[White "Cherin, Diego"]
[Black "Dvirnyy, Danyyil"]
[WhiteElo "2232"]
[BlackElo "2536"]
[Result "1/2-1/2"]
[PlyCount "81"]
[EventDate "2015.04.29"]

1. e4 d6 2. d4 Nf6 3. Nc3 e5 4. Nf3 Nbd7 5. Be2 Be7 6. O-O O-O 7. h3 c6 8. Be3
b5 9. a3 a6 10. Re1 Qc7 11. Nh2 Bb7 12. Ng4 Rad8 13. d5 cxd5 14. Nxf6+ Nxf6 15.
Nxd5 Nxd5 16. exd5 f5 17. a4 b4 18. a5 Rc8 19. Qd2 f4 20. Bb6 Qxc2 21. Qxb4
Bxd5 22. Rad1 Bb7 23. Bd3 Qc6 24. Be4 Qd7 25. Qb3+ Kh8 26. Bd5 Rf6 27. Rc1 h6
28. f3 Bxd5 29. Qxd5 Rff8 30. b4 Bh4 31. Red1 Rxc1 32. Rxc1 Rc8 33. Rd1 Qa4 34.
Qxd6 Be7 35. Qd3 Bxb4 36. Kh2 Re8 37. Rb1 Bxa5 38. Qxa6 Qc2 39. Qb5 Rb8 40.
Qxe5 Qxb1 41. Qxb8+ 1/2-1/2

[Event "XLVII C.to Italiano a squadre Master"]
[Site "Civitanova Marche ITA"]
[Date "2015.04.29"]
[Round "2"]
[White "Cocchi, Andrea"]
[Black "Misiano, Franco"]
[WhiteElo "2272"]
[BlackElo "2313"]
[Result "1/2-1/2"]
[PlyCount "68"]
[EventDate "2015.04.29"]

1. Nf3 d5 2. b3 Nf6 3. Bb2 e6 4. e3 b6 5. c4 Bb7 6. Qc2 c6 7. d4 Nbd7 8. Nc3
Bd6 9. Bd3 O-O 10. cxd5 cxd5 11. O-O Rc8 12. Qe2 Ne4 13. Rfc1 f5 14. Nb5 Rxc1+
15. Rxc1 Bb8 16. Ne5 a6 17. Nxd7 Qxd7 18. Nc3 b5 19. g3 Rc8 20. Qe1 Ng5 21. Qd1
Qf7 22. h4 Ne4 23. Ne2 Rxc1 24. Qxc1 h6 25. Ba3 Qc7 26. Qe1 Qf7 27. Kg2 g5 28.
hxg5 hxg5 29. f3 Nf6 30. Qb4 Kg7 31. Qc5 Nd7 32. Qc3 Nf6 33. Qc5 Nd7 34. Qc3
Nf6 1/2-1/2

[Event "XLVII C.to Italiano a squadre Master"]
[Site "Civitanova Marche ITA"]
[Date "2015.04.29"]
[Round "2"]
[White "Ferro, Mario"]
[Black "Rombaldoni, Denis"]
[WhiteElo "2285"]
[BlackElo "2479"]
[Result "1-0"]
[PlyCount "115"]
[EventDate "2015.04.29"]

1. d4 Nf6 2. Nf3 e6 3. e3 c5 4. Bd3 d5 5. b3 cxd4 6. exd4 Bb4+ 7. c3 Bd6 8. Bg5
Nc6 9. O-O h6 10. Bh4 g5 11. Bg3 Nh5 12. Bxd6 Qxd6 13. Ne5 Nf4 14. Bb5 f6 15.
Nd3 Bd7 16. Nxf4 gxf4 17. Qh5+ Ke7 18. Bxc6 bxc6 19. Nd2 Rag8 20. Nf3 Be8 21.
Qh3 h5 22. Rfe1 Bd7 23. Nh4 Kf7 24. Qd3 c5 25. Rad1 cxd4 26. Qxd4 Qb6 27. c4
Qxd4 28. Rxd4 Rg4 29. cxd5 e5 30. Rb4 Rxh4 31. Rb7 Ke7 32. f3 a5 33. Ra7 Rc8
34. Rxa5 Kd8 35. Ra6 Rc5 36. Rxf6 Rxd5 37. Rf8+ Ke7 38. Rb8 Kd6 39. Rb4 Bc6 40.
Rbe4 Rc5 41. b4 Rb5 42. g3 Rh3 43. Kg2 Bd7 44. Rd1+ Rd5 45. Rxd5+ Kxd5 46. gxf4
Rh4 47. Rxe5+ Kd4 48. Re7 Bf5 49. b5 Bc8 50. Re4+ Kd3 51. Rb4 Ke3 52. Re4+ Kd3
53. Re8 Rxf4 54. Rxc8 Ra4 55. b6 Rxa2+ 56. Kg3 h4+ 57. Kh3 Rb2 58. Rb8 1-0

[Event "XLVII C.to Italiano a squadre Master"]
[Site "Civitanova Marche ITA"]
[Date "2015.04.29"]
[Round "2"]
[White "Garcia Palermo, Carlos Horacio"]
[Black "Amato, Andrea"]
[WhiteElo "2427"]
[BlackElo "2322"]
[Result "1-0"]
[PlyCount "51"]
[EventDate "2015.04.29"]

1. d4 d6 2. e4 Nf6 3. f3 c6 4. Be3 Nbd7 5. c4 e5 6. d5 Be7 7. Nh3 O-O 8. Nc3
cxd5 9. cxd5 Nc5 10. Nf2 Nh5 11. Qd2 Qa5 12. Rb1 Qd8 13. g3 f5 14. exf5 Bxf5
15. Rd1 Bg6 16. Bxc5 dxc5 17. d6 Bg5 18. Bc4+ Kh8 19. Qe2 e4 20. Ncxe4 Bf6 21.
Nxf6 Qxf6 22. O-O Rad8 23. Ng4 Qf5 24. Rd5 Rfe8 25. Rxf5 Rxe2 26. Rxh5 1-0

[Event "XLVII C.to Italiano a squadre Master"]
[Site "Civitanova Marche ITA"]
[Date "2015.04.29"]
[Round "2"]
[White "Horvath, Csaba"]
[Black "Brunello, Sabino"]
[WhiteElo "2546"]
[BlackElo "2525"]
[Result "1/2-1/2"]
[PlyCount "138"]
[EventDate "2015.04.29"]

1. Nf3 d5 2. g3 Bg4 3. Bg2 c6 4. d3 e6 5. O-O Bd6 6. c4 Ne7 7. Nc3 O-O 8. cxd5
exd5 9. e4 Nd7 10. exd5 cxd5 11. h3 Bh5 12. d4 Rc8 13. Re1 Nb6 14. a4 a6 15.
Qb3 Rc4 16. a5 Rb4 17. Qa2 Na8 18. Be3 Nc7 19. Ne5 Nf5 20. Nxd5 Nxe3 21. Rxe3
Rxd4 22. Nf4 Rxf4 23. gxf4 Ne6 24. Qc4 Bc5 25. f5 Bxe3 26. fxe3 Qd2 27. Qc3
Qxc3 28. bxc3 Nc5 29. Rb1 f6 30. Nc4 Rd8 31. Rb6 Rd1+ 32. Kh2 Be2 33. Rd6 Ra1
34. Rd5 Nb3 35. Rd8+ Kf7 36. Nd6+ Ke7 37. Nxb7 Nxa5 38. Rg8 Nxb7 39. Rxg7+ Kd6
40. Rxb7 h6 41. Kg3 Bc4 42. Kf4 a5 43. Rb6+ Ke7 44. Rb7+ Kd6 45. Rb6+ Ke7 46.
Rc6 Bb3 47. c4 a4 48. Re6+ Kd7 49. Bc6+ Kc7 50. Bxa4 Rxa4 51. Rxf6 Rxc4+ 52. e4
Bc2 53. Rxh6 Rxe4+ 54. Kg5 Re5 55. Rf6 Kd7 56. h4 Re1 57. Ra6 Bd3 58. Ra3 Be2
59. Kf6 Rh1 60. Ra7+ Kd6 61. Rh7 Rf1 62. Re7 Bd3 63. Re6+ Kd5 64. Re5+ Kd4 65.
Ra5 Rh1 66. Kg5 Bc4 67. h5 Rg1+ 68. Kf6 Rh1 69. Kg5 Rg1+ 1/2-1/2

[Event "XLVII C.to Italiano a squadre Master"]
[Site "Civitanova Marche ITA"]
[Date "2015.04.29"]
[Round "2"]
[White "Ladron De Guevara Pinto, Paolo"]
[Black "Ortega, Lexy"]
[WhiteElo "2316"]
[BlackElo "2470"]
[Result "0-1"]
[PlyCount "74"]
[EventDate "2015.04.29"]

1. e4 c5 2. Nf3 e6 3. d4 cxd4 4. Nxd4 a6 5. c4 Nf6 6. Nc3 Qc7 7. a3 b6 8. Be2
Bb7 9. f3 Nc6 10. Be3 Ne5 11. Rc1 d6 12. O-O Be7 13. f4 Ned7 14. Bf3 Rc8 15. f5
e5 16. Nd5 Qb8 17. Ne2 b5 18. b3 Bd8 19. Nxf6+ Nxf6 20. Qd3 bxc4 21. bxc4 O-O
22. g4 h6 23. Kh1 Qa8 24. Ng3 Re8 25. Rg1 Nh7 26. Bg2 Bh4 27. Ne2 Nf6 28. Nc3
Nxg4 29. Bb6 Bg5 30. Rcf1 Rc6 31. Nd5 Qc8 32. f6 Rxc4 33. Ne7+ Rxe7 34. fxe7
Bxe7 35. Qg3 Nf6 36. Bf3 Bf8 37. Be3 Nxe4 0-1

[Event "XLVII C.to Italiano a squadre Master"]
[Site "Civitanova Marche ITA"]
[Date "2015.04.29"]
[Round "2"]
[White "Lostuzzi, Manlio"]
[Black "Godena, Michele"]
[WhiteElo "2419"]
[BlackElo "2503"]
[Result "0-1"]
[PlyCount "70"]
[EventDate "2015.04.29"]

1. e4 e5 2. Nf3 Nc6 3. Bb5 a6 4. Ba4 Nf6 5. O-O b5 6. Bb3 Bc5 7. Nxe5 Nxe5 8.
d4 Bxd4 9. Qxd4 d6 10. Qe3 c5 11. c3 O-O 12. Nd2 Bb7 13. Bc2 Re8 14. f3 Qc7 15.
Qf2 c4 16. Qd4 Rad8 17. f4 Ned7 18. Re1 Nc5 19. b4 cxb3 20. axb3 Ne6 21. Qe3 d5
22. f5 d4 23. cxd4 Nxd4 24. Bb1 Nxf5 25. Qh3 Qb6+ 26. Kf1 Qd4 27. Qxf5 Qxa1 28.
e5 Bc8 29. Qc2 Rxe5 30. Bb2 Rxe1+ 31. Kxe1 Qa5 32. Bxf6 gxf6 33. Qxh7+ Kf8 34.
Qh6+ Ke8 35. Be4 Qa1+ 0-1

[Event "XLVII C.to Italiano a squadre Master"]
[Site "Civitanova Marche ITA"]
[Date "2015.04.29"]
[Round "2"]
[White "Luciani, Valerio"]
[Black "Di Paolo, Raffaele"]
[WhiteElo "2189"]
[BlackElo "2268"]
[Result "1-0"]
[PlyCount "53"]
[EventDate "2015.04.29"]

1. d4 e6 2. Nf3 Nf6 3. Nbd2 c5 4. e3 Nc6 5. c3 d5 6. Bd3 Qc7 7. O-O Be7 8. dxc5
Bxc5 9. e4 O-O 10. Qe2 Be7 11. Re1 a6 12. e5 Nd7 13. Nb3 f6 14. exf6 Nxf6 15.
Nbd4 Nxd4 16. cxd4 Kh8 17. Ne5 Qb6 18. Bg5 Qxd4 19. Bxf6 Bxf6 20. Qh5 g6 21.
Nxg6+ Kg7 22. Nxf8 Qxd3 23. Nxe6+ Bxe6 24. Rxe6 Rc8 25. Rae1 Rc7 26. Rxf6 Kxf6
27. Qe5+ 1-0

[Event "XLVII C.to Italiano a squadre Master"]
[Site "Civitanova Marche ITA"]
[Date "2015.04.29"]
[Round "2"]
[White "Malloni, Marcello"]
[Black "Cacco, Christian"]
[WhiteElo "2348"]
[BlackElo "2337"]
[Result "1/2-1/2"]
[PlyCount "112"]
[EventDate "2015.04.29"]

1. d4 c5 2. d5 Nf6 3. Nc3 d6 4. e4 g6 5. Bb5+ Nfd7 6. a4 Bg7 7. Nf3 Na6 8. O-O
Nc7 9. Bf4 O-O 10. Re1 f6 11. Bf1 Ne5 12. Nxe5 fxe5 13. Be3 Bd7 14. Qd2 a5 15.
Ra3 Ne8 16. Rb3 Qc7 17. Bb5 Nf6 18. Bxd7 Nxd7 19. Nb5 Qd8 20. Qe2 Nb6 21. Ra1
Qd7 22. Na3 Ra6 23. Qb5 Qxb5 24. Rxb5 Rfa8 25. Bd2 R8a7 26. Kf1 Kf7 27. Ke2 Bf6
28. Kd3 e6 29. dxe6+ Kxe6 30. Nc4 Nxc4 31. Kxc4 Bd8 32. Ra3 b6 33. Rf3 Bf6 34.
Rbb3 Rf7 35. g3 Rd7 36. h4 Bd8 37. Rbd3 Be7 38. Bg5 Ra8 39. Rb3 Rb8 40. Rbd3
Rc7 41. Bh6 b5+ 42. axb5 Rcb7 43. Bd2 Rxb5 44. Rb3 Rxb3 45. Rxb3 Ra8 46. Rb7 a4
47. Bc1 Rf8 48. Be3 Ra8 49. Bc1 Rf8 50. Be3 Ra8 51. Rb6 Bd8 52. Rb7 Be7 53. Kd3
a3 54. bxa3 Rxa3+ 55. Kd2 Ra4 56. Kd3 Ra3+ 1/2-1/2

[Event "XLVII C.to Italiano a squadre Master"]
[Site "Civitanova Marche ITA"]
[Date "2015.04.29"]
[Round "2"]
[White "Mazzilli, Piero"]
[Black "Rombaldoni, Axel"]
[WhiteElo "2353"]
[BlackElo "2501"]
[Result "1/2-1/2"]
[PlyCount "103"]
[EventDate "2015.04.29"]

1. e4 c5 2. Nf3 d6 3. c3 Nf6 4. e5 dxe5 5. Nxe5 Nfd7 6. Nf3 e5 7. d4 cxd4 8.
cxd4 e4 9. Ng5 Bb4+ 10. Nc3 O-O 11. Be2 Nf6 12. f3 Nc6 13. Ngxe4 Nxe4 14. fxe4
Qxd4 15. Qxd4 Nxd4 16. Bd3 Rd8 17. Bg5 f6 18. Bd2 Be6 19. Nd5 Bxd2+ 20. Kxd2
Nc6 21. Ke2 Ne5 22. Bc2 Kh8 23. Bb3 f5 24. Nc3 Bxb3 25. axb3 fxe4 26. Nxe4 Nc6
27. Rhd1 Re8 28. Kf3 Re5 29. Nd6 Rf8+ 30. Kg4 Re2 31. Kh3 Re3+ 32. g3 Rxb3 33.
Rd2 h6 34. Rc1 Rf6 35. Ne4 Rf7 36. Nc5 Rb6 37. Rcc2 Ne5 38. Rd8+ Kh7 39. Re2
Nf3 40. Kg2 Rb5 41. Nd7 Nd4 42. Rd2 Nc6 43. Re8 Rbf5 44. h4 h5 45. Kh3 a5 46.
Kg2 b5 47. Kh3 a4 48. Rd6 Na5 49. Ne5 R7f6 50. Rdd8 Rf8 51. Rxf8 Rxe5 52. Rb8
1/2-1/2

[Event "XLVII C.to Italiano a squadre Master"]
[Site "Civitanova Marche ITA"]
[Date "2015.04.29"]
[Round "2"]
[White "Paltrinieri, Nicholas"]
[Black "Rossi, Carlo"]
[WhiteElo "2196"]
[BlackElo "2291"]
[Result "0-1"]
[PlyCount "62"]
[EventDate "2015.04.29"]

1. f4 d5 2. e3 Nc6 3. Nf3 h5 4. Bb5 Bg4 5. d3 Nh6 6. h3 Bxf3 7. Bxc6+ bxc6 8.
Qxf3 h4 9. e4 e6 10. Be3 Qb8 11. b3 Qb4+ 12. c3 Qb5 13. Qe2 Be7 14. c4 Qa5+ 15.
Nd2 Bf6 16. b4 Qxb4 17. Rb1 Qa5 18. O-O dxe4 19. dxe4 Qxa2 20. Rb7 Bc3 21. Rxc7
O-O 22. f5 exf5 23. Qf2 Rad8 24. Rxa7 Qc2 25. Nb1 Qxf2+ 26. Bxf2 Bf6 27. exf5
Nxf5 28. Bc5 Ng3 29. Re1 Rfe8 30. Rxe8+ Rxe8 31. Bf2 Rd8 0-1

[Event "XLVII C.to Italiano a squadre Master"]
[Site "Civitanova Marche ITA"]
[Date "2015.04.29"]
[Round "2"]
[White "Petrone, Gianmario"]
[Black "Begelman, Boris"]
[WhiteElo "2074"]
[BlackElo "2125"]
[Result "0-1"]
[PlyCount "106"]
[EventDate "2015.04.29"]

1. e4 c5 2. c3 d5 3. exd5 Qxd5 4. d4 Nf6 5. Nf3 e6 6. Be3 cxd4 7. cxd4 Bd7 8.
Bd3 Bb4+ 9. Nc3 Bb5 10. O-O Bxc3 11. bxc3 O-O 12. Bxb5 Qxb5 13. Qb3 Qa6 14.
Rab1 b6 15. Ne5 Rc8 16. c4 Nc6 17. Rbc1 Nxe5 18. dxe5 Ne4 19. Rfd1 Qa5 20. Bd4
Nc5 21. Qb2 Qa4 22. Be3 Rd8 23. Qe2 Qa3 24. Qg4 Nd3 25. Bh6 Qf8 26. Bg5 Nxe5
27. Rxd8 Nxg4 28. Rxf8+ Kxf8 29. c5 Rc8 30. f3 Ne5 31. cxb6 Rxc1+ 32. Bxc1 axb6
33. Kf1 Nd7 34. Ke2 Ke7 35. Ba3+ Kd8 36. Kd3 Kc7 37. Kc4 Kc6 38. Bb2 g6 39. Bd4
b5+ 40. Kb4 Nb6 41. a3 Nd5+ 42. Kb3 Nf4 43. g3 Nd3 44. Bc3 Kd5 45. Kc2 Kc4 46.
Kd2 Nc5 47. Bf6 Na4 48. Kc2 Nb6 49. Be5 Nd5 50. Bd6 f6 51. Kd2 e5 52. h4 Nc3
53. Bf8 e4 0-1

[Event "XLVII C.to Italiano a squadre Master"]
[Site "Civitanova Marche ITA"]
[Date "2015.04.29"]
[Round "2"]
[White "Qendro, Llambi"]
[Black "Gilevych, Artem"]
[WhiteElo "2334"]
[BlackElo "2393"]
[Result "1/2-1/2"]
[PlyCount "43"]
[EventDate "2015.04.29"]

1. d4 d5 2. c4 c6 3. Nf3 Nf6 4. cxd5 cxd5 5. Nc3 Nc6 6. Bf4 Bf5 7. e3 e6 8. Bd3
Bxd3 9. Qxd3 Bd6 10. Bxd6 Qxd6 11. O-O O-O 12. Rfc1 Rfc8 13. h3 h6 14. Qe2 Nd7
15. Na4 Na5 16. b3 Rc7 17. Ne1 Rac8 18. Nd3 Qa3 19. Qb2 Qxb2 20. Naxb2 b6 21.
Rxc7 Rxc7 22. Rc1 1/2-1/2

[Event "XLVII C.to Italiano a squadre Master"]
[Site "Civitanova Marche ITA"]
[Date "2015.04.29"]
[Round "2"]
[White "Quinn, Mark Peter"]
[Black "Lodici, Lorenzo"]
[WhiteElo "2397"]
[BlackElo "2261"]
[Result "1/2-1/2"]
[PlyCount "82"]
[EventDate "2015.04.29"]

1. g3 d5 2. Bg2 e5 3. c4 d4 4. b4 a5 5. b5 c5 6. bxc6 Nxc6 7. d3 Nf6 8. Nd2 a4
9. Ngf3 h6 10. a3 Bc5 11. O-O O-O 12. Ne1 Qe7 13. Nc2 Bf5 14. f3 Bd7 15. Rb1
Rab8 16. f4 b5 17. Rxb5 Rxb5 18. cxb5 Na7 19. fxe5 Qxe5 20. Nc4 Qe7 21. b6 Nb5
22. Qe1 Be6 23. Kh1 Bd5 24. Nb4 Bxg2+ 25. Kxg2 Bxb6 26. Rf5 Qd7 27. Qf2 Bd8 28.
Qf4 Re8 29. Re5 Bc7 30. Rxe8+ Qxe8 31. Qf3 Nc3 32. e4 dxe3 33. Bxe3 Qe6 34. Bd4
Ncd5 35. Nxd5 Nxd5 36. Qe4 Qd7 37. Nb2 Bb6 38. Bxb6 Nxb6 39. Nc4 Nxc4 40. dxc4
Qd2+ 41. Kh3 Qd7+ 1/2-1/2

[Event "XLVII C.to Italiano a squadre Master"]
[Site "Civitanova Marche ITA"]
[Date "2015.04.29"]
[Round "2"]
[White "Sader, Michael"]
[Black "Marsili, Riccardo"]
[WhiteElo "2252"]
[BlackElo "2181"]
[Result "0-1"]
[PlyCount "86"]
[EventDate "2015.04.29"]

1. c4 c5 2. Nc3 g6 3. g3 Bg7 4. Bg2 Nc6 5. Rb1 d6 6. a3 a5 7. Nf3 e5 8. d3 Nge7
9. O-O O-O 10. Ne1 Be6 11. Nd5 Rb8 12. Nc2 b5 13. Nce3 f5 14. Nxe7+ Nxe7 15.
Nd5 Qd7 16. Bg5 Nxd5 17. cxd5 Bf7 18. Bd2 b4 19. a4 Qb7 20. Qb3 Be8 21. e4 fxe4
22. Bxe4 Bd7 23. f3 Rf7 24. Ra1 Rbf8 25. Qc4 Qc8 26. b3 Bf5 27. Rac1 Bxe4 28.
Qxe4 Qh3 29. Rf2 Bh6 30. Bxh6 Qxh6 31. Rcf1 Qg5 32. Kg2 h6 33. h4 Qf5 34. Qe3
Kg7 35. Rc1 g5 36. Rc4 Kg6 37. h5+ Kg7 38. g4 Qf6 39. Qe4 Kg8 40. Rcc2 Qg7 41.
Qc4 Rf4 42. Qa6 Qf6 43. d4 Rxf3 0-1

[Event "XLVII C.to Italiano a squadre Master"]
[Site "Civitanova Marche ITA"]
[Date "2015.04.29"]
[Round "2"]
[White "Socko, Bartosz"]
[Black "Palac, Mladen"]
[WhiteElo "2628"]
[BlackElo "2578"]
[Result "1/2-1/2"]
[PlyCount "115"]
[EventDate "2015.04.29"]

1. d4 Nf6 2. c4 e6 3. Nf3 d5 4. Nc3 Bb4 5. cxd5 exd5 6. Bg5 h6 7. Bxf6 Qxf6 8.
Qa4+ Nc6 9. e3 O-O 10. Be2 Be6 11. O-O a6 12. Rfc1 Bd6 13. Qd1 Ne7 14. a3 c6
15. Na4 a5 16. Nc5 Bxc5 17. Rxc5 Nf5 18. b4 axb4 19. axb4 Nd6 20. Nd2 Qe7 21.
Rca5 Rxa5 22. Rxa5 Ne4 23. Nxe4 dxe4 24. Qd2 b6 25. Ra1 Qb7 26. Qc3 Ra8 27. h3
b5 28. Ra3 g6 29. Qa1 Rxa3 30. Qxa3 Kg7 31. Bd1 Qe7 32. Bb3 Bxb3 33. Qxb3 Qd6
34. Qc3 Qd5 35. Qc2 h5 36. h4 Kf6 37. Kf1 Ke6 38. Ke2 Kd7 39. Kd2 Qe6 40. Ke1
Qe7 41. Qb3 Kc7 42. g3 Qd7 43. Qa2 Kb7 44. Kf1 Qd5 45. Qxd5 cxd5 46. Kg2 Kc6
47. g4 Kd6 48. Kg3 Ke6 49. Kf4 f6 50. Kg3 f5 51. gxh5 gxh5 52. Kf4 Kf6 53. Kg3
Ke6 54. f3 exf3 55. Kxf3 Kf7 56. Kg3 Kg6 57. Kf3 Kf7 58. Kg3 1/2-1/2

[Event "XLVII C.to Italiano a squadre Master"]
[Site "Civitanova Marche ITA"]
[Date "2015.04.29"]
[Round "2"]
[White "Swiercz, Dariusz"]
[Black "Altini, Nicola"]
[WhiteElo "2622"]
[BlackElo "2410"]
[Result "1-0"]
[PlyCount "81"]
[EventDate "2015.04.29"]

1. e4 c5 2. Nf3 Nc6 3. d4 cxd4 4. Nxd4 g6 5. c4 Bg7 6. Be3 Nf6 7. Nc3 O-O 8.
Be2 d6 9. O-O Nxd4 10. Bxd4 Bd7 11. Qd2 Bc6 12. f3 a5 13. b3 Nd7 14. Be3 Nc5
15. Rab1 e6 16. Nd1 b6 17. Bg5 Bf6 18. Bxf6 Qxf6 19. Qxd6 Rac8 20. Qd2 Rfd8 21.
Qe3 Qd4 22. Qxd4 Rxd4 23. Nc3 Rd2 24. Rfd1 Rcd8 25. Kf2 f5 26. exf5 gxf5 27.
Ke3 e5 28. g3 f4+ 29. gxf4 exf4+ 30. Kxf4 Rf8+ 31. Kg3 Rxe2 32. Nxe2 Rxf3+ 33.
Kh4 Be4 34. Rg1+ Bg6 35. Rbf1 Re3 36. Nf4 Kg7 37. Re1 Rc3 38. Rg3 Rc2 39. Re2
Rc1 40. Re7+ Kh6 41. Kg4 1-0

[Event "XLVII C.to Italiano a squadre Master"]
[Site "Civitanova Marche ITA"]
[Date "2015.04.29"]
[Round "2"]
[White "Vancini, Edoardo"]
[Black "Ricci, Marco"]
[WhiteElo "2274"]
[BlackElo "2056"]
[Result "1-0"]
[PlyCount "75"]
[EventDate "2015.04.29"]

1. d4 Nf6 2. Bg5 d5 3. Bxf6 exf6 4. e3 c6 5. g3 Bd6 6. Bg2 O-O 7. Ne2 Qb6 8. b3
Bf5 9. O-O Na6 10. a3 Qd8 11. c4 Nc7 12. Nbc3 Be6 13. Qd3 Qd7 14. Rfe1 Rfe8 15.
cxd5 cxd5 16. b4 Bf8 17. Nf4 Rad8 18. Qd1 h6 19. Qb3 g5 20. Nd3 b6 21. b5 Bg7
22. a4 Bf5 23. Nb4 Be6 24. Rec1 Bf8 25. Nc6 Ra8 26. a5 Rec8 27. Bf1 Kg7 28.
axb6 axb6 29. Na4 Rcb8 30. Nxb8 Rxb8 31. Rc6 Na8 32. Bg2 Bd6 33. Bxd5 h5 34.
Bxe6 fxe6 35. Nc3 Bc7 36. Ra7 Kf7 37. Qc4 Rc8 38. Rxa8 1-0

[Event "XLVII C.to Italiano a squadre Master"]
[Site "Civitanova Marche ITA"]
[Date "2015.04.29"]
[Round "2"]
[White "Vocaturo, Daniele"]
[Black "De Eccher, Stefano"]
[WhiteElo "2594"]
[BlackElo "2209"]
[Result "1-0"]
[PlyCount "81"]
[EventDate "2015.04.29"]

1. e4 c5 2. Nf3 d6 3. d4 cxd4 4. Nxd4 Nf6 5. Nc3 g6 6. Be3 Bg7 7. f3 O-O 8. Qd2
Nc6 9. g4 Be6 10. Nxe6 fxe6 11. O-O-O Qa5 12. Kb1 Ne5 13. Be2 Rac8 14. Nb5 Qxd2
15. Bxd2 Nc6 16. c3 Nd7 17. Be3 a6 18. Nd4 Nc5 19. h4 e5 20. Nxc6 Rxc6 21. Bc4+
Kh8 22. h5 g5 23. Bxg5 Nxe4 24. Bxe7 Nf2 25. Bxf8 Bxf8 26. Bd5 Rc7 27. g5 Be7
28. g6 Nxh1 29. Rxh1 h6 30. Kc2 Kg7 31. Kd3 b6 32. Rg1 Bg5 33. b4 Rc8 34. Rg4
b5 35. Rg1 Bf6 36. Rc1 Rc7 37. c4 Be7 38. Rc2 Kf6 39. a4 bxc4+ 40. Rxc4 Ra7 41.
Rc8 1-0

[Event "XLVII C.to Italiano a squadre Master"]
[Site "Civitanova Marche ITA"]
[Date "2015.04.30"]
[Round "3"]
[White "Altini, Nicola"]
[Black "Malloni, Marcello"]
[WhiteElo "2410"]
[BlackElo "2348"]
[Result "1/2-1/2"]
[PlyCount "35"]
[EventDate "2015.04.29"]

1. Nf3 Nf6 2. g3 b5 3. Bg2 Bb7 4. d4 e6 5. O-O Be7 6. Bg5 O-O 7. Nbd2 d5 8. Ne5
Nbd7 9. Nxd7 Nxd7 10. Bxe7 Qxe7 11. e4 dxe4 12. Nxe4 Rfd8 13. Qe2 Rab8 14. Rad1
Bd5 15. Qe3 a5 16. Rfe1 Nb6 17. b3 h6 18. f3 1/2-1/2

[Event "XLVII C.to Italiano a squadre Master"]
[Site "Civitanova Marche ITA"]
[Date "2015.04.30"]
[Round "3"]
[White "Bartolini, Tommaso"]
[Black "Yao, Stefano"]
[WhiteElo "2165"]
[BlackElo "2269"]
[Result "1/2-1/2"]
[PlyCount "98"]
[EventDate "2015.04.29"]

1. d4 Nf6 2. Bg5 e6 3. Nd2 h6 4. Bh4 d5 5. e3 Be7 6. Bd3 Nbd7 7. Ngf3 O-O 8. c3
c5 9. Ne5 Nxe5 10. dxe5 Nd7 11. Bg3 f5 12. exf6 Nxf6 13. O-O Bd6 14. Bxd6 Qxd6
15. f4 Qb6 16. Qb3 Qc7 17. c4 b5 18. cxb5 c4 19. Qc3 Qb6 20. Bc2 Qxb5 21. Nf3
Rb8 22. Rab1 Qa6 23. a3 Bd7 24. Nd4 Rb6 25. h3 Ba4 26. Bg6 Nd7 27. Bh5 Nc5 28.
Bf3 Kh8 29. f5 e5 30. Ne6 Nxe6 31. fxe6 Rxe6 32. Bxd5 Ref6 33. Bxc4 Bb5 34.
Rxf6 Rxf6 35. Ba2 Bd3 36. Rc1 e4 37. Qc8+ Qxc8 38. Rxc8+ Kh7 39. Bc4 Rf1+ 40.
Kh2 Re1 41. Bxd3 exd3 42. Rd8 Rxe3 43. Kg1 a5 44. b4 axb4 45. axb4 h5 46. b5
Re5 47. Rxd3 Rxb5 48. Rd6 g6 49. h4 Kh6 1/2-1/2